000
00424nam a2200145Ia 4500
008
100122s9999 xx 000 0 und d
082
_b
50973
_a
823
100
_a
बापट मुकुंद
245
_a
स्वप्नछाया
260
_b
प्राची चिकटे
_c
1995
300
_a
194
630
_a
स्वप्नछाया
730
_a
स्वप्नछाया
942
_c
BOOK
999
_c
428541
_d
428538